000
00234 a2200097 4500
001
30841
100
_a
Sulaiman
245
_a
Rehmat-ul-Lilaalameen (Jild Awel)
260
_a
Lahore
_b
Islamic Book Foundations
_c
090
_c
20738
_d
20738
942
_a
NUST-CAE
_c
M
_c
11934
999
_c
265914
_d
265914